000 00535nam a2200169 i 4500
001 61414
003 ES-MaACL
005 20230906164442.0
007 t|
008 031112s1959 sp ||||1| spa d
100 1 _aFaber, Federico Guillermo.
_948504
245 1 0 _aTodo por Jesús
_b: o Vías fáciles del divino amor /
_cFederico Guillermo Faber.
260 _aMadrid :
_bApostolado de la Prensa,
_c1959 (
_fSoler)
300 _a502 p. ;
_c16 cm.
740 0 _aVías fáciles del divino amor.
852 _aES-MaACL
_jC-16403
_bR.44338
999 _c61414
_d61414